| 000 | 00000nam 2200000za 4500 |
| 001 | 9.686318 |
| 003 | CaOODSP |
| 005 | 20210921095714 |
| 007 | cr ||||||||||| |
| 008 | 150407s2002 onc|||||o f|0| 0 eng d |
| 040 | |aCaOODSP|beng |
| 043 | |an-cn--- |
| 086 | 1 |aC2-422/2002E-IN |
| 110 | 1 |aCanada. |bOffice of Consumer Affairs. |
| 245 | 10|aCanadian consumer handbook |h[electronic resource]. |
| 260 | |aOttawa : |bIndustry Canada, |c2002. |
| 300 | |a62 p. |
| 520 | 3 |aBeing a wise consumer means being informed. This handbook offers tips, questions and advice on consumers' rights, along with contacts for help with common problems. |
| 538 | |aAdobe Acrobat |
| 590 | |a02-26|b2002-06-28 |
| 690 | 07|aConsumer protection|2gcpds |
| 775 | 08|tGuide du consommateur canadien |w(CaOODSP)9.630794 |
| 795 | |tCanadian consumer handbook |w(CaOODSP)9.695151 |
| 856 | 40|ahttp://publications.gc.ca|qPDF|s487 KB|uhttps://publications.gc.ca/collections/Collection/C2-422-2002E.pdf |